000 01247nam a2200325 a 4500
001 ebr10432012
003 CaPaEBR
006 m u
007 cr cn|||||||||
008 101218s2007 tnua s 001 0 eng d
020 _z9780687335077
020 _z9781426734793 (e-book)
040 _aCaPaEBR
_cCaPaEBR
035 _a(OCoLC)698589159
043 _an-us---
050 1 4 _aBV772.5
_b.F86 2007eb
245 0 0 _aReady to go fundraisers
_h[electronic resource] :
_b75 ways to fund your ministry /
_c[compiled by Josh Tinley].
246 3 0 _aFundraisers :
_bseventy-five ways to fund your ministry
260 _aNashville :
_bAbingdon Press,
_c2007.
300 _a112 p. :
_bill.
490 0 _aReady to go
500 _aIncludes index.
533 _aElectronic reproduction.
_bPalo Alto, Calif. :
_cebrary,
_d2011.
_nAvailable via World Wide Web.
_nAccess may be limited to ebrary affiliated libraries.
650 0 _aChurch fund raising
_zUnited States.
650 0 _aProposal writing for grants.
655 7 _aElectronic books.
_2local
700 1 _aTinley, Josh.
710 2 _aebrary, Inc.
856 4 0 _uhttp://site.ebrary.com/lib/rucke/Doc?id=10432012
_zAn electronic book accessible through the World Wide Web; click to view
999 _c146278
_d146278